[Event "ODJM A 2014"]
[Site "Magdeburg GER"]
[Date "2014.06.13"]
[Round "8"]
[White "Cremer, Jan Paul"]
[Black "Berchtenbreiter, Maximilian"]
[Result "0-1"]
[Termination "normal"]
[Board "1"]
[BlackTitle "IM"]
[WhiteElo "2211"]
[BlackElo "2396"]
[WhiteClock "00:07:06"]
[BlackClock "00:58:03"]
[PlyCount "84"]
[WhiteFideId "24686115"]
[BlackFideId "24641120"]
[EventCountry "GER"]
[EventRounds "9"]
[EventType "swiss"]
[EventDate "2014.06.07"]

1. e4 c5 2. Nf3 e6 3. d4 cxd4 4. Nxd4 Nf6 5. Bd3 Nc6 6. Nxc6 bxc6 7. O-O d5 8.
Nd2 Be7 9. Qe2 O-O 10. c4 Nd7 11. e5 a5 12. f4 g6 13. Nf3 Nc5 14. Bc2 dxc4 15.
Rd1 Qb6 16. Be3 Ba6 17. Qf2 Rfd8 18. b3 Rd5 19. bxc4 Bxc4 20. Nd2 Qa6 21. Nxc4
Qxc4 22. Rdc1 Qa6 23. Bxg6 hxg6 24. Bxc5 Bxc5 25. Rxc5 Rad8 26. Rxd5 cxd5 27.
Rd1 Qc4 28. Qb6 Ra8 29. Qf2 a4 30. h4 Rc8 31. h5 Qc2 32. Qf3 Rc3 33. Qg4 Qf5
34. Qh4 Qxh5 35. Qd8+ Kh7 36. Rb1 g5 37. f5 g4 38. fxe6 g3 39. Qxd5 Qh2+ 40.
Kf1 Qh1+ 41. Ke2 Qxb1 42. e7 Qb2+ 0-1

[Event "ODJM A 2014"]
[Site "Magdeburg GER"]
[Date "2014.06.13"]
[Round "8"]
[White "Kaplun, David"]
[Black "Rietze, Clemens"]
[Result "0-1"]
[Termination "normal"]
[Board "2"]
[BlackTitle "FM"]
[WhiteElo "1800"]
[BlackElo "2288"]
[WhiteClock "00:37:23"]
[BlackClock "00:25:31"]
[PlyCount "92"]
[WhiteFideId "12901954"]
[BlackFideId "24620351"]
[EventCountry "GER"]
[EventRounds "9"]
[EventType "swiss"]
[EventDate "2014.06.07"]

1. d4 Nf6 2. c4 g6 3. Nc3 d5 4. Nf3 Bg7 5. Bg5 Ne4 6. cxd5 Nxg5 7. Nxg5 e6 8.
Qd2 h6 9. Nh3 exd5 10. Qe3+ Kf8 11. Qd2 Bxh3 12. gxh3 Nc6 13. e3 Bf6 14. Be2
Kg7 15. O-O Ne7 16. Kh1 Qd7 17. Bg4 Qd6 18. Rad1 h5 19. Bf3 Qe6 20. Bg2 c6 21.
e4 dxe4 22. Nxe4 Rad8 23. Nxf6 Qxf6 24. Qa5 a6 25. Qc7 Rb8 26. Rfe1 Nf5 27. Qe5
Rhe8 28. Qxf6+ Kxf6 29. Rxe8 Rxe8 30. d5 Rd8 31. Bf3 c5 32. Kg1 Ke5 33. Kf1 Kd6
34. Bh1 Re8 35. Rd3 Re7 36. Rb3 c4 37. Rb6+ Kc5 38. Rf6 Nd6 39. Rf3 Nf5 40. Rf4
b5 41. Bf3 Nd6 42. Bg2 b4 43. Rf3 Kd4 44. Rf6 c3 45. bxc3+ bxc3 46. Rxd6 Rc7
0-1

[Event "ODJM A 2014"]
[Site "Magdeburg GER"]
[Date "2014.06.13"]
[Round "8"]
[White "Wenninger, Philipp"]
[Black "Meißner, Felix"]
[Result "1/2-1/2"]
[Termination "normal"]
[Board "3"]
[BlackTitle "FM"]
[WhiteElo "2251"]
[BlackElo "2254"]
[WhiteClock "00:35:35"]
[BlackClock "00:11:30"]
[PlyCount "43"]
[WhiteFideId "4648404"]
[BlackFideId "24671827"]
[EventCountry "GER"]
[EventRounds "9"]
[EventType "swiss"]
[EventDate "2014.06.07"]

1. d4 e6 2. c4 Nf6 3. g3 c5 4. d5 exd5 5. cxd5 b5 6. Bg2 d6 7. a4 b4 8. b3 g6
9. Bb2 Bg7 10. Nf3 Nbd7 11. O-O O-O 12. Re1 Re8 13. Qd3 a5 14. e4 Ba6 15. Qc2
Ng4 16. Bxg7 Kxg7 17. Nbd2 Qf6 18. Bf1 Nde5 19. Bxa6 Rxa6 20. Kg2 Raa8 21. h3
Nxf3 22. Nxf3 1/2-1/2

[Event "ODJM A 2014"]
[Site "Magdeburg GER"]
[Date "2014.06.13"]
[Round "8"]
[White "Hirtreiter, Pierre"]
[Black "Doberitz, Paul"]
[Result "0-1"]
[Termination "normal"]
[Board "4"]
[WhiteElo "1810"]
[BlackElo "2211"]
[WhiteClock "01:07:18"]
[BlackClock "00:05:35"]
[PlyCount "112"]
[WhiteFideId "12966312"]
[BlackFideId "24646130"]
[EventCountry "GER"]
[EventRounds "9"]
[EventType "swiss"]
[EventDate "2014.06.07"]

1. e4 d6 2. d4 Nf6 3. Nc3 g6 4. f3 Bg7 5. Be3 c6 6. Qd2 b5 7. Bd3 Nbd7 8. g4
Qa5 9. h4 h5 10. g5 Nh7 11. Nh3 Rb8 12. Ne2 Qxd2+ 13. Kxd2 Nb6 14. b3 Bd7 15.
c3 Nf8 16. Nf2 e5 17. f4 exf4 18. Bxf4 Ke7 19. Rac1 Ne6 20. Be3 a5 21. Nf4 Nxf4
22. Bxf4 b4 23. cxb4 axb4 24. e5 dxe5 25. Rhe1 Ra8 26. Rc2 Ra5 27. Bxe5 Bxe5
28. Rxe5+ Rxe5 29. dxe5 Ke6 30. Bc4+ Nxc4+ 31. Rxc4 Ra8 32. Rxb4 Rxa2+ 33. Ke3
Kxe5 34. Nd3+ Kd6 35. Rd4+ Kc7 36. Ne5 Be6 37. b4 Ra3+ 38. Kf2 Ra4 39. Ke3 Kb6
40. Rf4 Ra7 41. Rf6 Bd5 42. Rf4 Kb5 43. Kd3 Re7 44. Kd4 Kxb4 45. Rf1 Kb5 46.
Rb1+ Ka6 47. Rb8 Ka7 48. Rb1 Rb7 49. Ra1+ Kb6 50. Nd3 Kc7 51. Ke5 Rb5 52. Kf6
Kd6 53. Ra7 Be6 54. Ne1 Rf5+ 55. Kg7 Rf4 56. Ng2 Rg4 0-1

[Event "ODJM A 2014"]
[Site "Magdeburg GER"]
[Date "2014.06.13"]
[Round "8"]
[White "Lüßmann, Thomas"]
[Black "Stein, Daniel"]
[Result "0-1"]
[Termination "normal"]
[Board "5"]
[WhiteElo "1893"]
[BlackElo "1969"]
[WhiteClock "00:09:58"]
[BlackClock "00:22:34"]
[PlyCount "88"]
[WhiteFideId "1270602"]
[BlackFideId "12939307"]
[EventCountry "GER"]
[EventRounds "9"]
[EventType "swiss"]
[EventDate "2014.06.07"]

1. d4 Nf6 2. c4 g6 3. Nc3 Bg7 4. e4 O-O 5. Be3 d6 6. f3 c5 7. dxc5 dxc5 8. Qxd8
Rxd8 9. Bxc5 Nc6 10. Rd1 Rxd1+ 11. Kxd1 Nd7 12. Ba3 Bxc3 13. bxc3 Nde5 14. f4
Ng4 15. Ke2 e5 16. g3 f5 17. exf5 Bxf5 18. Bg2 exf4 19. Bd5+ Kg7 20. gxf4 Re8+
21. Kf1 Ne3+ 22. Kf2 Nxd5 23. cxd5 Be4 24. Nf3 Bxd5 25. Rd1 Rd8 26. Nd4 Bxa2
27. Re1 Nxd4 28. cxd4 Bd5 29. Re7+ Kg8 30. Ke3 a5 31. h4 b5 32. h5 b4 33. Bc1
gxh5 34. f5 a4 35. Kf4 Rc8 36. Ke5 Bf7 37. Bf4 a3 38. Kf6 Rc6+ 39. Kg5 h6+ 40.
Kh4 b3 41. Ra7 b2 42. Be5 Rc8 43. Rxa3 b1=Q 44. Rg3+ Kf8 0-1

[Event "ODJM A 2014"]
[Site "Magdeburg GER"]
[Date "2014.06.13"]
[Round "8"]
[White "Bart, Simon"]
[Black "Giraud, Valerian"]
[Result "1/2-1/2"]
[Termination "normal"]
[Board "6"]
[WhiteElo "2027"]
[BlackElo "2004"]
[WhiteClock "00:04:18"]
[BlackClock "00:48:43"]
[PlyCount "40"]
[WhiteFideId "24637327"]
[BlackFideId "12920355"]
[EventCountry "GER"]
[EventRounds "9"]
[EventType "swiss"]
[EventDate "2014.06.07"]

1. e4 e6 2. d4 d5 3. Nc3 Bb4 4. e5 Ne7 5. Nf3 c5 6. a3 Bxc3+ 7. bxc3 Qa5 8. Bd2
Nbc6 9. Be2 Bd7 10. O-O O-O 11. Qc1 Qa4 12. Rb1 Rab8 13. Bb5 Qa5 14. c4 Qc7 15.
cxd5 exd5 16. Bf4 Be6 17. dxc5 Na5 18. c3 Nc4 19. Bxc4 dxc4 20. Be3 Nd5 1/2-1/2

[Event "ODJM A 2014"]
[Site "Magdeburg GER"]
[Date "2014.06.13"]
[Round "8"]
[White "Alten, Silvio"]
[Black "Carow, Annelen"]
[Result "0-1"]
[Termination "normal"]
[Board "7"]
[WhiteElo "1890"]
[BlackElo "2044"]
[PlyCount "56"]
[WhiteFideId "24660078"]
[BlackFideId "24692492"]
[EventCountry "GER"]
[EventRounds "9"]
[EventType "swiss"]
[EventDate "2014.06.07"]

1. e4 c5 2. d4 cxd4 3. c3 Nf6 4. e5 Nd5 5. Nf3 e6 6. cxd4 d6 7. Nc3 Nxc3 8.
bxc3 Qc7 9. Bd2 Nd7 10. Bd3 dxe5 11. O-O Bd6 12. Qe2 O-O 13. dxe5 Nxe5 14.
Bxh7+ Kxh7 15. Ng5+ Kg6 16. f4 Nc4 17. Qd3+ f5 18. Bc1 Rh8 19. Re1 Qc5+ 20. Kh1
Kf6 21. a4 Bd7 22. Rd1 Bc6 23. Ba3 Qd5 24. Qxd5 Bxd5 25. Bxd6 Nxd6 26. Re1 Rac8
27. Rad1 Ne4 28. Rxe4 fxe4 0-1

[Event "ODJM A 2014"]
[Site "Magdeburg GER"]
[Date "2014.06.13"]
[Round "8"]
[White "Zeller, Elisa"]
[Black "Hartmann, Jakob"]
[Result "1-0"]
[Termination "normal"]
[Board "8"]
[WhiteElo "1921"]
[BlackElo "1717"]
[PlyCount "97"]
[WhiteFideId "24662410"]
[BlackFideId "12918067"]
[EventCountry "GER"]
[EventRounds "9"]
[EventType "swiss"]
[EventDate "2014.06.07"]

1. e4 e5 2. Nf3 Nc6 3. Bb5 a6 4. Ba4 Nf6 5. O-O Be7 6. Re1 b5 7. Bb3 O-O 8. d4
Nxd4 9. Nxd4 exd4 10. e5 Ne8 11. Qxd4 Bb7 12. c3 c5 13. Qg4 c4 14. Bc2 d6 15.
e6 Nf6 16. Qg3 fxe6 17. Rxe6 Rf7 18. Bg5 Bd5 19. Re2 Qd7 20. Qh4 g6 21. Nd2
Raf8 22. Rae1 Bd8 23. Nf1 Ba8 24. Ne3 Qb7 25. Qg3 Nh5 26. Qg4 Bxg5 27. Qxg5 Nf4
28. Qg3 Nxe2+ 29. Rxe2 Re8 30. Qxd6 Rxe3 31. fxe3 Qc6 32. Qxc6 Bxc6 33. b3 Kf8
34. bxc4 bxc4 35. Rf2 Rxf2 36. Kxf2 Ke7 37. Bd1 Kf6 38. Bf3 Ba4 39. Bb7 Bb5 40.
e4 Ke5 41. Ke3 a5 42. Bd5 Ba6 43. g3 Bb5 44. Bg8 h6 45. Bd5 Ba6 46. Bf7 Kf6 47.
Be8 g5 48. Kd4 Ke6 49. Bc6 1-0

[Event "ODJM A 2014"]
[Site "Magdeburg GER"]
[Date "2014.06.13"]
[Round "8"]
[White "Nahnsen, Kenneth"]
[Black "Reisberg, Andre"]
[Result "1/2-1/2"]
[Termination "normal"]
[Board "9"]
[WhiteElo "1729"]
[BlackElo "1989"]
[PlyCount "120"]
[WhiteFideId "12957119"]
[BlackFideId "1270630"]
[EventCountry "GER"]
[EventRounds "9"]
[EventType "swiss"]
[EventDate "2014.06.07"]

1. e4 e6 2. d4 d5 3. Nc3 dxe4 4. Nxe4 Nf6 5. Ng3 Be7 6. Nf3 b6 7. Bd3 Bb7 8. c3
Nbd7 9. Qe2 O-O 10. O-O c5 11. dxc5 Nxc5 12. Bc2 Qc7 13. Rd1 Ba6 14. Qe5 Qxe5
15. Nxe5 Rfd8 16. Rxd8+ Bxd8 17. Be3 Bc7 18. Nf3 Nd3 19. Bxd3 Bxd3 20. Rd1 Bc4
21. b3 Ba6 22. c4 Bb7 23. Ne1 h6 24. Bc1 Bc6 25. Ne2 a6 26. Bb2 Kf8 27. Nc2 Ke7
28. Ba3+ Ke8 29. Ncd4 Rd8 30. Nc3 Bb7 31. f3 Be5 32. Nde2 Rxd1+ 33. Nxd1 Kd7
34. Bf8 Ne8 35. Bb4 Bf6 36. Kf2 e5 37. Ndc3 Ke6 38. Ne4 Bd8 39. N4c3 f5 40. f4
Nf6 41. h3 g5 42. fxe5 Kxe5 43. Nc1 Ne4+ 44. Nxe4 Bxe4 45. Bc3+ Kd6 46. Ne2 b5
47. Bb4+ Kd7 48. cxb5 Bb6+ 49. Kf1 axb5 50. Bf8 h5 51. Bh6 g4 52. hxg4 hxg4 53.
Bd2 Bc5 54. a4 b4 55. g3 Bc2 56. Nc1 Bd6 57. Bf4 Bxf4 58. gxf4 Kd6 59. Ke2 Kd5
60. Ke3 Be4 1/2-1/2

[Event "ODJM A 2014"]
[Site "Magdeburg GER"]
[Date "2014.06.13"]
[Round "8"]
[White "Garbuz, Vitaliy"]
[Black "Balazs, Balint"]
[Result "0-1"]
[Termination "normal"]
[Board "10"]
[WhiteElo "1627"]
[BlackElo "1846"]
[PlyCount "166"]
[WhiteFideId "12990710"]
[BlackFideId "12922757"]
[EventCountry "GER"]
[EventRounds "9"]
[EventType "swiss"]
[EventDate "2014.06.07"]

1. e4 d5 2. exd5 Qxd5 3. Nc3 Qa5 4. Nf3 Nf6 5. Be2 Bg4 6. h3 Bh5 7. b4 Qb6 8.
O-O e6 9. Rb1 c6 10. b5 Qc7 11. d3 a6 12. bxc6 Nxc6 13. Bd2 Bd6 14. Re1 O-O 15.
Bg5 Nd7 16. Ne4 Bf4 17. Bxf4 Qxf4 18. Rxb7 Bxf3 19. Bxf3 Nde5 20. Ng3 Nd4 21.
Be2 Rab8 22. Rxb8 Rxb8 23. c3 Nxe2+ 24. Qxe2 Ng6 25. d4 Qc7 26. Ne4 Qa5 27. Qc2
h6 28. Nc5 Nf4 29. Re5 Qa3 30. Nb3 Nd5 31. Re2 Rc8 32. c4 Nb4 33. Qb2 Qa4 34.
c5 Nc6 35. Rc2 Rd8 36. Rd2 Rd5 37. Qc3 a5 38. Rc2 Qb5 39. Qc4 Qb8 40. a4 Qf4
41. Rd2 Qe4 42. Qd3 Qf4 43. Qe3 Qb8 44. Qc3 Qd8 45. Qe3 Qd7 46. Qc3 Qc7 47. Qe3
Qb7 48. Qc3 Qa6 49. Qd3 Qa8 50. Qe4 Nb4 51. Qb1 Rg5 52. g3 h5 53. h4 Rg4 54.
Qe1 Nd5 55. f3 Rg6 56. Rg2 Nb4 57. Qe4 Nd5 58. g4 hxg4 59. fxg4 Qd8 60. h5 Rg5
61. Rg3 Nf6 62. Qf3 Qc7 63. Rg2 Qd7 64. Qa8+ Kh7 65. c6 Qd5 66. Qb7 Nxg4 67.
Qb5 Qf3 68. Qe2 Qxb3 69. Rxg4 Qb1+ 70. Kg2 Rxg4+ 71. Qxg4 Qc2+ 72. Kg3 Qxc6 73.
Qd1 Qd5 74. Qd3+ Kh6 75. Qf1 Qg5+ 76. Kh3 Qxh5+ 77. Kg3 Qg5+ 78. Kh3 Qe3+ 79.
Kh2 Qd2+ 80. Kh3 Qxd4 81. Qxf7 Qe3+ 82. Kh2 Qe5+ 83. Kg1 Qg5+ 0-1

[Event "ODJM A 2014"]
[Site "Magdeburg GER"]
[Date "2014.06.13"]
[Round "8"]
[White "Borchert, Louis"]
[Black "Maar, Samuel"]
[Result "1/2-1/2"]
[Termination "normal"]
[Board "11"]
[WhiteElo "1869"]
[BlackElo "1765"]
[PlyCount "141"]
[WhiteFideId "12990680"]
[BlackFideId "12952591"]
[EventCountry "GER"]
[EventRounds "9"]
[EventType "swiss"]
[EventDate "2014.06.07"]

1. e4 e5 2. Nf3 d6 3. d4 exd4 4. Nxd4 Nf6 5. Nc3 Be7 6. Bc4 O-O 7. O-O c6 8. a4
Nxe4 9. Nxe4 d5 10. Bd3 dxe4 11. Bxe4 Nd7 12. Bxc6 Ne5 13. Bb5 Bc5 14. c3 Bg4
15. f3 Be6 16. Kh1 Bc4 17. Bxc4 Nxc4 18. b3 Nb6 19. Ba3 Bxa3 20. Rxa3 Nd5 21.
Qc1 Rc8 22. c4 Re8 23. Re1 Qh4 24. Nc2 Nb4 25. Rg1 Nd3 26. g3 Qh3 27. Qd2 Rcd8
28. Qg2 Qxg2+ 29. Rxg2 Ne1 30. Rf2 Nxf3 31. Rxf3 Re2 32. Ne3 Rd3 33. Ra1 Rexe3
34. Rxe3 Rxe3 35. Rd1 Kf8 36. Rd8+ Ke7 37. Ra8 a6 38. b4 Ra3 39. Rb8 Rxa4 40.
Rxb7+ Kf6 41. Kg2 a5 42. bxa5 Rxa5 43. Rb6+ Ke7 44. Kf3 h5 45. h4 f6 46. Rb7+
Kf8 47. Rb5 Ra3+ 48. Kf4 Ra4 49. Rc5 g6 50. Rc7 Ra5 51. Rd7 g5+ 52. Ke4 f5+ 53.
Ke3 gxh4 54. gxh4 Re5+ 55. Kd3 f4 56. Rd4 Re3+ 57. Kd2 Rh3 58. Rxf4+ Ke7 59.
Rd4 Ke6 60. Kc2 Rg3 61. Kd2 Rg2+ 62. Kc3 Rg3+ 63. Kb4 Rg4 64. Rd5 Rxh4 65. Kc5
Rh1 66. Kc6 h4 67. Rh5 h3 68. c5 h2 69. Rh7 Kf6 70. Rh3 Kg5 71. Kc7 1/2-1/2

[Event "ODJM A 2014"]
[Site "Magdeburg GER"]
[Date "2014.06.13"]
[Round "8"]
[White "van Klev, Fabian"]
[Black "Schmidt, Daniel"]
[Result "1/2-1/2"]
[Termination "normal"]
[Board "12"]
[WhiteElo "1880"]
[BlackElo "1775"]
[PlyCount "75"]
[WhiteFideId "12964255"]
[BlackFideId "12957950"]
[EventCountry "GER"]
[EventRounds "9"]
[EventType "swiss"]
[EventDate "2014.06.07"]

1. Nf3 Nf6 2. d4 g6 3. c4 Bg7 4. Nc3 O-O 5. e4 d6 6. Be2 Nbd7 7. O-O e5 8. Be3
Ng4 9. Bg5 f6 10. Bh4 Nh6 11. dxe5 Nxe5 12. Nxe5 dxe5 13. Qb3 c6 14. Rfd1 Qe7
15. c5+ Be6 16. Bc4 Bxc4 17. Qxc4+ Nf7 18. b4 Rfd8 19. a4 Rxd1+ 20. Rxd1 Rd8
21. Qb3 Rd4 22. f3 Qd7 23. Bf2 Rxd1+ 24. Qxd1 Qxd1+ 25. Nxd1 a6 26. Kf1 Nd8 27.
Ke2 Kf8 28. Nb2 Ke7 29. Kd3 Kd7 30. Nc4 Bf8 31. Be3 Ne6 32. Na5 Kc8 33. g3 g5
34. Kc4 Be7 35. Nb3 Bd8 36. Nc1 Kd7 37. Nd3 Bc7 38. Nf2 1/2-1/2

[Event "ODJM A 2014"]
[Site "Magdeburg GER"]
[Date "2014.06.13"]
[Round "8"]
[White "Wieber, Dominik"]
[Black "Peters, Florian"]
[Result "1-0"]
[Termination "normal"]
[Board "13"]
[WhiteElo "1845"]
[BlackElo "1755"]
[PlyCount "97"]
[WhiteFideId "24699012"]
[BlackFideId "12952028"]
[EventCountry "GER"]
[EventRounds "9"]
[EventType "swiss"]
[EventDate "2014.06.07"]

1. e4 c5 2. Nf3 a6 3. c3 e6 4. d4 d5 5. exd5 exd5 6. Be3 c4 7. g3 Nf6 8. Bg2
Be7 9. Qc2 Nc6 10. Nbd2 O-O 11. h3 h6 12. Ne5 Be6 13. Ndf3 Qc8 14. g4 Ne4 15.
Nd2 f5 16. gxf5 Nxd2 17. fxe6 Nxe5 18. dxe5 Nf3+ 19. Bxf3 Rxf3 20. Qg6 Qe8 21.
Qg4 Rxe3+ 22. fxe3 Bg5 23. Rf1 Qd8 24. Qd4 Qe8 25. h4 Bd8 26. Qxd5 Bxh4+ 27.
Ke2 Qg6 28. e7+ Kh7 29. Rad1 Bxe7 30. Qxb7 Qh5+ 31. Qf3 Qxf3+ 32. Rxf3 Rb8 33.
b3 cxb3 34. axb3 Rxb3 35. Rd7 Bh4 36. Rff7 Rb2+ 37. Kf3 Rf2+ 38. Kg4 Rxf7 39.
Rxf7 Kg6 40. Ra7 Be1 41. Rxa6+ Kf7 42. c4 g6 43. c5 Bc3 44. Kf4 h5 45. Rf6+ Kg7
46. c6 g5+ 47. Kxg5 Bxe5 48. Re6 Bg3 49. c7 1-0

[Event "ODJM A 2014"]
[Site "Magdeburg GER"]
[Date "2014.06.13"]
[Round "8"]
[White "Gauchel, Lorenz"]
[Black "Heldt, Nils-Lennart"]
[Result "1/2-1/2"]
[Termination "normal"]
[Board "14"]
[WhiteElo "1766"]
[BlackElo "1593"]
[PlyCount "42"]
[WhiteFideId "12905283"]
[BlackFideId "12952109"]
[EventCountry "GER"]
[EventRounds "9"]
[EventType "swiss"]
[EventDate "2014.06.07"]

1. d4 d5 2. Nf3 Nf6 3. c4 c6 4. Nc3 dxc4 5. a4 Bf5 6. e3 e6 7. Bxc4 Be7 8. O-O
O-O 9. Re1 h6 10. e4 Bh7 11. Bf4 Nbd7 12. h3 Bb4 13. Bd3 Re8 14. Qb3 a5 15. Re3
Nb6 16. Na2 Bf8 17. Rd1 Re7 18. Bc2 Rd7 19. Be5 Be7 20. Nc3 Nc8 21. Ree1 Bb4
1/2-1/2

[Event "ODJM A 2014"]
[Site "Magdeburg GER"]
[Date "2014.06.13"]
[Round "8"]
[White "Biefel, Christian"]
[Black "Denzer, Johannes"]
[Result "0-1"]
[Termination "normal"]
[Board "15"]
[WhiteElo "1774"]
[BlackElo "1637"]
[PlyCount "66"]
[WhiteFideId "24692646"]
[BlackFideId "1271724"]
[EventCountry "GER"]
[EventRounds "9"]
[EventType "swiss"]
[EventDate "2014.06.07"]

1. c4 e5 2. Nc3 Nc6 3. Nf3 f5 4. e4 Nf6 5. d3 Bb4 6. exf5 O-O 7. Bd2 d6 8. Qb3
Bxc3 9. Bxc3 Qe8 10. Ng5 Nd4 11. Qd1 Bxf5 12. f3 Qg6 13. Ne4 Nxe4 14. Bxd4 Nf6
15. Be3 Rfe8 16. Qd2 d5 17. cxd5 Nxd5 18. Kf2 c6 19. Be2 Rad8 20. g4 Nxe3 21.
Qxe3 Bxd3 22. Rad1 Bxe2 23. Qxe2 Qf6 24. Qc2 Rxd1 25. Rxd1 e4 26. Qe2 Qf4 27.
Qc4+ Kh8 28. Qxe4 Qxh2+ 29. Kf1 Qh1+ 30. Kf2 Qh4+ 31. Kf1 Rxe4 32. fxe4 Qf6+
33. Kg1 h6 0-1

[Event "ODJM A 2014"]
[Site "Magdeburg GER"]
[Date "2014.06.13"]
[Round "8"]
[White "Dathe, Frederick"]
[Black "Wastian, Jan"]
[Result "1/2-1/2"]
[Termination "normal"]
[Board "16"]
[WhiteElo "1576"]
[BlackElo "1647"]
[PlyCount "63"]
[WhiteFideId "12963070"]
[BlackFideId "12911640"]
[EventCountry "GER"]
[EventRounds "9"]
[EventType "swiss"]
[EventDate "2014.06.07"]

1. d4 d5 2. c4 e6 3. Nc3 c6 4. e4 dxe4 5. Nxe4 Nd7 6. a3 Ngf6 7. Bd3 c5 8. dxc5
Nxc5 9. Nxc5 Bxc5 10. Ne2 O-O 11. O-O b6 12. b4 Be7 13. Qc2 Bb7 14. Rd1 Qc7 15.
Ng3 a5 16. Rb1 Qc6 17. f3 axb4 18. axb4 Bxb4 19. Ne4 Bc5+ 20. Nxc5 Qxc5+ 21.
Qf2 Nd7 22. Bxh7+ Kxh7 23. Rxd7 Qxf2+ 24. Kxf2 Ra2+ 25. Rb2 Rxb2+ 26. Bxb2 Ba6
27. Bd4 Bxc4 28. Bxb6 Kg6 29. Rd4 Bd5 30. Rg4+ Kh7 31. Bd4 f6 32. Rh4+ 1/2-1/2

[Event "ODJM A 2014"]
[Site "Magdeburg GER"]
[Date "2014.06.13"]
[Round "8"]
[White "Usczeck, Alina"]
[Black "Acikel, Mert"]
[Result "1/2-1/2"]
[Termination "normal"]
[Board "17"]
[WhiteElo "1566"]
[BlackElo "1707"]
[PlyCount "49"]
[WhiteFideId "12938114"]
[BlackFideId "12956465"]
[EventCountry "GER"]
[EventRounds "9"]
[EventType "swiss"]
[EventDate "2014.06.07"]

1. e4 e5 2. Nf3 Nc6 3. d4 exd4 4. Nxd4 Bc5 5. Be3 Qf6 6. Nb5 Bxe3 7. fxe3 Qd8
8. Qg4 g6 9. Qf4 d6 10. Bc4 Ne5 11. O-O Qe7 12. Be2 a6 13. Nd4 Bd7 14. Nc3 Be6
15. Nf3 Nxf3+ 16. Rxf3 O-O-O 17. a3 Qd7 18. Rff1 Kb8 19. Rfd1 Qc8 20. Nd5 Bxd5
21. exd5 f5 22. e4 Ne7 23. exf5 Qxf5 24. Qxf5 Nxf5 25. Bf3 1/2-1/2

[Event "ODJM A 2014"]
[Site "Magdeburg GER"]
[Date "2014.06.13"]
[Round "8"]
[White "Thumm, Felix"]
[Black "Reitz, Philipp"]
[Result "1/2-1/2"]
[Termination "normal"]
[Board "18"]
[WhiteElo "1755"]
[BlackElo "1522"]
[PlyCount "77"]
[WhiteFideId "12902209"]
[BlackFideId "12973297"]
[EventCountry "GER"]
[EventRounds "9"]
[EventType "swiss"]
[EventDate "2014.06.07"]

1. d4 Nf6 2. Nf3 e6 3. e3 b6 4. Bd3 Bb7 5. c4 d6 6. Nbd2 Nbd7 7. b3 c5 8. Bb2
Be7 9. Qc2 Rc8 10. Rc1 O-O 11. O-O h6 12. h3 cxd4 13. exd4 Nd5 14. Qb1 Nf4 15.
Rce1 Nxd3 16. Qxd3 Nf6 17. Nh2 Qc7 18. f4 d5 19. Qg3 Bb4 20. Bc3 Nh5 21. Qe3
Bxc3 22. Qxc3 Nxf4 23. Qe3 Ng6 24. Rc1 dxc4 25. Nxc4 Qd7 26. Nf3 f6 27. Rce1
Bd5 28. Nfd2 Nh4 29. Nf3 Nxf3+ 30. gxf3 Bxc4 31. bxc4 Rxc4 32. Qb3 Qxd4+ 33.
Rf2 Re8 34. Re4 Qa1+ 35. Kg2 Rc1 36. Rxe6 Rg1+ 37. Kh2 Rh1+ 38. Kg3 Rg1+ 39.
Rg2 1/2-1/2

[Event "ODJM A 2014"]
[Site "Magdeburg GER"]
[Date "2014.06.13"]
[Round "8"]
[White "Karsay, Pascal"]
[Black "Pohl, Steffen"]
[Result "1-0"]
[Termination "normal"]
[Board "19"]
[WhiteElo "1779"]
[BlackElo "1712"]
[PlyCount "87"]
[WhiteFideId "12953474"]
[BlackFideId "12987824"]
[EventCountry "GER"]
[EventRounds "9"]
[EventType "swiss"]
[EventDate "2014.06.07"]

1. c4 e6 2. Nc3 d5 3. d4 c5 4. e3 Nf6 5. Nf3 Nc6 6. a3 cxd4 7. exd4 Be7 8. Be2
O-O 9. O-O Na5 10. c5 b6 11. b4 Nb7 12. Ne5 Ne8 13. Bf4 f6 14. Nc6 Qd7 15. Bb5
Bd8 16. Nxa7 Qf7 17. Nxc8 Rxc8 18. Qa4 bxc5 19. bxc5 g5 20. Bd7 Nxc5 21. dxc5
Rxc5 22. Bd2 Nd6 23. Rfe1 e5 24. Qb4 Rc7 25. Qxd6 Rxd7 26. Qb4 Rb7 27. Qc5 d4
28. Ne4 Rc7 29. Qb5 Rb7 30. Qd3 Rb3 31. Qa6 Rb6 32. Qe2 Be7 33. a4 Rfb8 34. a5
Rb2 35. a6 f5 36. a7 Ra8 37. Ng3 e4 38. Nxe4 Rxd2 39. Nxd2 Bc5 40. Qc4 Qxc4 41.
Nxc4 Bxa7 42. Nb6 Rb8 43. Rxa7 Rxb6 44. Re8# 1-0

[Event "ODJM A 2014"]
[Site "Magdeburg GER"]
[Date "2014.06.13"]
[Round "8"]
[White "Teichert, Felix"]
[Black "Laubrock, Paul"]
[Result "0-1"]
[Termination "normal"]
[Board "20"]
[WhiteElo "1686"]
[BlackElo "1779"]
[PlyCount "106"]
[WhiteFideId "12987670"]
[BlackFideId "1270509"]
[EventCountry "GER"]
[EventRounds "9"]
[EventType "swiss"]
[EventDate "2014.06.07"]

1. e4 d5 2. exd5 Qxd5 3. Nc3 Qa5 4. d4 Nf6 5. Bc4 e6 6. Bd2 c6 7. Nf3 Nbd7 8.
O-O Qc7 9. Qe2 Be7 10. Ne5 O-O 11. Bf4 Qb6 12. Qe3 Nxe5 13. dxe5 Qxe3 14. Bxe3
Nd5 15. Bd2 Nb4 16. Bb3 c5 17. Ne4 Nc6 18. Be3 b6 19. f4 Bb7 20. Nd2 Rfd8 21.
Rfd1 Nb4 22. a3 Nd5 23. Kf2 Nxe3 24. Kxe3 Bxg2 25. Nf3 Bh3 26. c4 Bg4 27. Rxd8+
Rxd8 28. Rd1 a6 29. Rxd8+ Bxd8 30. Ba4 f6 31. Bc6 Bc7 32. Bb7 a5 33. exf6 gxf6
34. h4 Kg7 35. Bc6 Kg6 36. Be8+ Kf5 37. Bc6 Bxf4+ 38. Kf2 Bxf3 39. Kxf3 h6 40.
b3 Bc1 41. a4 Ke5 42. Bd7 f5 43. Bc8 Kf6 44. Bd7 e5 45. Kg3 e4 46. Bc6 Ke5 47.
Bd7 f4+ 48. Kf2 f3 49. Bc6 Kf4 50. h5 e3+ 51. Ke1 e2 52. b4 Ke3 53. Bxf3 Bd2#
0-1

[Event "ODJM A 2014"]
[Site "Magdeburg GER"]
[Date "2014.06.13"]
[Round "8"]
[White "Hinrichs, Niklas"]
[Black "Cejda, Moritz"]
[Result "1-0"]
[Termination "normal"]
[Board "21"]
[WhiteElo "1711"]
[BlackElo "1438"]
[PlyCount "31"]
[WhiteFideId "12942499"]
[BlackFideId "12925152"]
[EventCountry "GER"]
[EventRounds "9"]
[EventType "swiss"]
[EventDate "2014.06.07"]

1. d4 f5 2. c4 d6 3. Nc3 Nf6 4. Bf4 g6 5. Nf3 Bg7 6. e3 O-O 7. Be2 Nh5 8. O-O
Nd7 9. h3 Nxf4 10. exf4 c5 11. Qd2 Re8 12. Rad1 b6 13. dxc5 Bxc3 14. Qd5+ e6
15. Qxa8 Qc7 16. cxd6 1-0

[Event "ODJM A 2014"]
[Site "Magdeburg GER"]
[Date "2014.06.13"]
[Round "8"]
[White "Heldt, Ronny"]
[Black "Greßmann, Hanna"]
[Result "1/2-1/2"]
[Termination "normal"]
[Board "22"]
[WhiteElo "1802"]
[BlackElo "1551"]
[PlyCount "43"]
[WhiteFideId "12903973"]
[BlackFideId "12930709"]
[EventCountry "GER"]
[EventRounds "9"]
[EventType "swiss"]
[EventDate "2014.06.07"]

1. d4 d5 2. c4 e6 3. Nc3 Be7 4. cxd5 exd5 5. Qc2 Nf6 6. Bg5 c6 7. e3 O-O 8. Bd3
Nbd7 9. Nge2 Re8 10. O-O Nf8 11. f3 Ng6 12. Rad1 Qa5 13. Bxg6 hxg6 14. Bxf6
gxf6 15. e4 dxe4 16. fxe4 Bg4 17. h3 Bd7 18. Nf4 f5 19. e5 Bg5 20. Qb3 Bxf4 21.
Rxf4 Qc7 22. Rff1 1/2-1/2